On This Day: November 26th Quiz Stats

Quiz Updated Nov 26, 2017

Challenge
Share
Tweet
Embed
Score 0/7 Timer 03:00
0 Plays Today
Question Answer Wrong Answers
George W. Bush is certified the winner of this state’s electoral votes by Katherine Harris, making him the winner of the United States presidential election, despite losing in the national popular vote.
2000
Florida
89%
Ohio
4.2%
Michigan
2.1%
Virginia
2.3%
This film starring Humphrey Bogart and Ingrid Bergman premieres in New York City.
1942
Casablanca
88.6%
The Maltese Falcon
4.5%
Notorious
0.7%
The African Queen
4.9%
'Anarchy in the U.K.', the debut single of the ______, is released, heralding the arrival of punk rock.
1976
Sex Pistols
83.7%
Ramones
11.9%
New York Dolls
1%
Dead Kennedys
1.5%
This man proclaims November 26th to be a national Thanksgiving Day, to be celebrated annually on the final Thursday of November.
1863
Abraham Lincoln
82.9%
James Buchanan
3.4%
Andrew Johnson
7.3%
Ulysses S. Grant
6.3%
This sports league is formed, with the Montreal Canadiens, Montreal Wanderers, Ottawa Senators, Quebec Bulldogs, and Toronto Arenas as its first teams.
1917
National Hockey League
80.2%
Canadian Football League
13.3%
Canadian Soccer Association
4.3%
National Basketball Association
1.3%
Troops from this nation launch a massive counterattack in North Korea against South Korean and United Nations forces, ending any hopes of a quick end to the conflict.
1950
China
76.1%
Japan
8.6%
Vietnam
12.1%
Thailand
1.5%
Tony Blair becomes the first Prime Minister of the United Kingdom to address the Oireachtas, the parliament of ______.
1998
Ireland
66.2%
India
16.3%
Israel
12.3%
Italy
2.9%

Today's Daily Dose

Word Ladder
Paul Newman

On This Day
April 21st II

You're not logged in!

Compare scores with friends on all Sporcle quizzes.
Sign Up with Email
OR
Log In

You Might Also Like...

Show Comments

Extras

Top Quizzes Today


Score Distribution

Your Account Isn't Verified!

In order to create a playlist on Sporcle, you need to verify the email address you used during registration. Go to your Sporcle Settings to finish the process.

Report this User

Report this user for behavior that violates our Community Guidelines.

Details: